| 000 | 00590nam a2200181 4500 | ||
|---|---|---|---|
| 008 | 020219s1996 na 1 engYA | ||
| 020 | _a9004103082 | ||
| 090 |
_aD18.8 _bG57w |
||
| 100 | 1 | _aGoldstein, Leon J. | |
| 245 | 1 | 0 |
_aThe what and the why of history : _bphilosophical essays / _cLeon J. Goldstein. |
| 260 |
_aLeiden : _bE. J. Brill, _cc1996. |
||
| 300 | _axv, 351 p. | ||
| 490 | 1 |
_aPhilosophy of history and culture; _v16 |
|
| 504 | _aIncludes index | ||
| 650 | 4 |
_aHistory _xPhilosophy. |
|
| 951 |
_p24492 _x00010051 _oD18.8/G57w _j070613111044328 _d2000-12-21 _cREF |
||
| 999 |
_c6003 _d6003 |
||